| 000 | 00494nam a2200145Ia 4500 | ||
|---|---|---|---|
| 008 | 230917s9999||||xx |||||||||||||| ||und|| | ||
| 040 |
_e86085 _aMAIN |
||
| 041 | _aEnglish | ||
| 082 | _a783 T129S | ||
| 100 | _aSangita-Nayaka | ||
| 245 | 0 | _aSeven principal musical notes of the Hindus: With their presiding deities composed in celebration of the birthday of her most bracious majesty the empress of India | |
| 260 |
_aDelhi _bB R Publishing Corporation _c1985 |
||
| 300 | _a51 p. | ||
| 942 | _cBK | ||
| 999 |
_c54054 _d54054 |
||